000 00967nam a2200241 i 4500
001 190059
003 SpMaBN
005 20240210063911.0
008 200310s2017 sp |||| | spa d
020 _a978-84-9133-077-6
080 _a061.231(460.313.2):61"1898/1930"
100 1 _aFresquet Febrer, José Luis
_9169967
245 1 3 _aEl Instituto Médico Valenciano (1898-1930)
_b: de la catástrofe del 98 a la Segunda República /
_cJosé Luis Fresquet Febrer.
260 _a[Valencia] :
_bUniversitat de València :
_bInstituto Médico Valenciano,
_c[2017]
300 _a548 p. ;
_c23 cm.
500 _aÍndice onomástico.
504 _aBibliografía: p. [541]-548.
610 2 4 _aInstituto Médico Valenciano-
_vHistoria.
_9169968
710 2 _aUniversidad de Valencia.
_97314
852 _aES-MaACL
_jA-14570
_9197210
_bR.152060
_cDEPO
_dOlim: N-7570
_hDonación: José Luis Fresquet Febrer
942 _2udc
_cMONOGRAFIA
999 _c190059
_d190059